[Event "MP do 16 lat - chlopcy"]
[Site "Sypniewo"]
[Date "2022.03.23"]
[Round "5.4"]
[White "Kejna, Piotr"]
[Black "Myrmus, Mateusz"]
[Result "0-1"]
[BlackElo "1925"]
[WhiteElo "2037"]
[LiveChessVersion "1.4.8"]

1. e4 {[%clk 1:30:19]} c6 {[%clk 1:30:52]} 2. d4 {[%clk 1:30:06]} d5
{[%clk 1:31:11]} 3. Nc3 {[%clk 1:30:18]} dxe4 {[%clk 1:31:34]} 4. Nxe4
{[%clk 1:30:40]} Nf6 {[%clk 1:31:59]} 5. Nxf6+ {[%clk 1:30:57]} exf6
{[%clk 1:32:21]} 6. c3 {[%clk 1:30:36]} Bd6 {[%clk 1:32:40]} 7. Bd3
{[%clk 1:30:09]} O-O {[%clk 1:32:56]} 8. Ne2 {[%clk 1:29:08]} Re8
{[%clk 1:33:19]} 9. O-O {[%clk 1:28:40]} Na6 {[%clk 1:33:43]} 10. Bf4
{[%clk 1:23:07]} Nc7 {[%clk 1:34:05]} 11. Bxd6 {[%clk 1:22:38]} Qxd6 12. Ng3
{[%clk 1:21:49]} g6 {[%clk 1:34:50]} 13. Ne4 {[%clk 1:20:54]} Qd8
{[%clk 1:35:15]} 14. Qb3 {[%clk 1:16:02]} f5 {[%clk 1:30:19]} 15. Nd2
{[%clk 1:14:24]} b5 {[%clk 1:03:38]} 16. a4 {[%clk 1:12:20]} Be6 {[%clk 1:04:00]}
17. Qa3 {[%clk 1:12:09]} Bd5 {[%clk 1:03:34]} 18. g3 {[%clk 1:00:32]} a6
{[%clk 0:47:45]} 19. Rfe1 {[%clk 0:54:38]} Qf6 {[%clk 0:43:32]} 20. b3
{[%clk 0:43:34]} Rab8 {[%clk 0:34:10]} 21. axb5 {[%clk 0:41:58]} axb5
{[%clk 0:33:45]} 22. Qa7 {[%clk 0:41:25]} Rxe1+ {[%clk 0:30:12]} 23. Rxe1
{[%clk 0:41:53]} Qd8 {[%clk 0:30:29]} 24. c4 {[%clk 0:37:40]} Be6 25. Nf3
{[%clk 0:36:24]} Ra8 {[%clk 0:18:28]} 26. Qc5 {[%clk 0:36:03]} Na6
{[%clk 0:18:30]} 27. Qa3 {[%clk 0:27:14]} c5 {[%clk 0:18:53]} 28. Qb2
{[%clk 0:26:40]} Nb4 {[%clk 0:19:10]} 29. Bb1 {[%clk 0:25:59]} cxd4
{[%clk 0:18:04]} 30. Nxd4 {[%clk 0:24:21]} Qf6 {[%clk 0:18:14]} 31. Qd2
{[%clk 0:23:47]} Rd8 {[%clk 0:17:18]} 32. Qxb4 {[%clk 0:24:03]} Qxd4
{[%clk 0:17:40]} 33. Qxb5 {[%clk 0:22:43]} Qc3 {[%clk 0:18:05]} 34. Rf1
{[%clk 0:21:58]} Kg7 {[%clk 0:16:25]} 35. f4 {[%clk 0:09:34]} Qe3+
{[%clk 0:16:41]} 36. Kg2 {[%clk 0:08:45]} Rd2+ {[%clk 0:17:03]} 37. Kh3
{[%clk 0:09:11]} Rb2 {[%clk 0:16:22]} 38. Qe5+ {[%clk 0:04:31]} Qxe5
{[%clk 0:16:47]} 39. fxe5 {[%clk 0:05:01]} f4+ {[%clk 0:17:09]} 40. g4
{[%clk 0:34:37]} Rxb3+ {[%clk 0:47:32]} 41. Kg2 {[%clk 0:34:43]} Bxc4
{[%clk 0:47:41]} 42. Re1 {[%clk 0:29:02]} Be6 {[%clk 0:47:33]} 43. g5
{[%clk 0:25:19]} Rb2+ {[%clk 0:47:30]} 44. Kf3 {[%clk 0:22:34]} Rxh2
{[%clk 0:47:50]} 45. Rg1 {[%clk 0:21:50]} Rh4 {[%clk 0:47:57]} 46. Be4
{[%clk 0:19:45]} h6 {[%clk 0:47:33]} 47. gxh6+ {[%clk 0:18:49]} Kxh6
{[%clk 0:47:56]} 48. Ra1 {[%clk 0:16:22]} Rh3+ {[%clk 0:47:52]} 49. Kf2
{[%clk 0:15:39]} Re3 {[%clk 0:48:15]} 50. Ra4 {[%clk 0:15:11]} Kg5
{[%clk 0:48:31]} 51. Rb4 {[%clk 0:15:16]} Ra3 {[%clk 0:46:54]} 52. Rb5
{[%clk 0:14:18]} Ra2+ {[%clk 0:46:57]} 53. Kg1 {[%clk 0:14:27]} Re2
{[%clk 0:46:58]} 54. Bd3 {[%clk 0:14:10]} Rd2 {[%clk 0:47:18]} 55. Be4
{[%clk 0:14:32]} Kh4 {[%clk 0:46:47]} 56. Rb6 {[%clk 0:13:17]} Kg3
{[%clk 0:46:23]} 57. Rb1 {[%clk 0:12:27]} Bd5 {[%clk 0:45:52]} 0-1

[Event "MP do 16 lat - chlopcy"]
[Site "Sypniewo"]
[Date "2022.03.23"]
[Round "5.5"]
[White "Chyzy, Jakub"]
[Black "Starosciak, Szymon"]
[Result "1-0"]
[BlackElo "1921"]
[WhiteElo "2227"]
[LiveChessVersion "1.4.8"]

1. e4 {[%clk 1:30:59]} c5 {[%clk 1:30:55]} 2. Nf3 {[%clk 1:31:08]} d6
{[%clk 1:31:11]} 3. d4 {[%clk 1:31:30]} cxd4 {[%clk 1:31:37]} 4. Nxd4
{[%clk 1:31:52]} Nf6 {[%clk 1:32:01]} 5. Nc3 {[%clk 1:32:19]} Nc6
{[%clk 1:32:27]} 6. f3 {[%clk 1:32:41]} Nxd4 {[%clk 1:32:09]} 7. Qxd4
{[%clk 1:33:00]} g6 {[%clk 1:32:33]} 8. Be3 {[%clk 1:24:49]} Bg7 {[%clk 1:32:40]}
9. Bc4 {[%clk 1:22:57]} O-O {[%clk 1:31:56]} 10. Qd2 {[%clk 1:23:00]} Bd7
{[%clk 1:27:41]} 11. O-O-O {[%clk 1:20:39]} Qc7 {[%clk 1:22:57]} 12. Bb3
{[%clk 1:20:22]} b5 {[%clk 1:23:09]} 13. Bd4 {[%clk 1:15:37]} b4 {[%clk 1:14:18]}
14. Bxf6 {[%clk 1:11:44]} bxc3 {[%clk 1:12:47]} 15. Qxc3 {[%clk 1:09:49]} Qxc3
{[%clk 1:13:03]} 16. Bxc3 {[%clk 1:10:18]} Bxc3 {[%clk 1:13:27]} 17. bxc3
{[%clk 1:10:40]} Be6 {[%clk 1:05:02]} 18. Bxe6 {[%clk 1:00:31]} fxe6
{[%clk 1:05:26]} 19. Kd2 {[%clk 1:00:50]} g5 {[%clk 1:01:06]} 20. h3
{[%clk 0:58:51]} Rac8 {[%clk 0:57:14]} 21. Rb1 {[%clk 0:58:29]} Rc7
{[%clk 0:49:25]} 22. Rb5 {[%clk 0:54:43]} h6 {[%clk 0:47:44]} 23. Rhb1
{[%clk 0:54:37]} Kf7 {[%clk 0:47:34]} 24. R1b3 {[%clk 0:44:01]} Kg6
{[%clk 0:43:07]} 25. Rb7 {[%clk 0:42:10]} Rfc8 {[%clk 0:42:07]} 26. a4
{[%clk 0:40:06]} Kh5 {[%clk 0:37:29]} 27. g3 {[%clk 0:37:48]} e5 {[%clk 0:29:11]}
28. a5 {[%clk 0:34:06]} Rxb7 {[%clk 0:27:50]} 29. Rxb7 {[%clk 0:34:33]} Rf8
{[%clk 0:28:17]} 30. Ke2 {[%clk 0:25:42]} Rc8 {[%clk 0:27:11]} 31. Rxe7
{[%clk 0:15:36]} Rxc3 {[%clk 0:27:29]} 32. Rxa7 {[%clk 0:15:32]} Rxc2+
{[%clk 0:27:33]} 33. Kd3 {[%clk 0:15:04]} Rf2 {[%clk 0:10:38]} 34. Ke3
{[%clk 0:15:04]} Ra2 {[%clk 0:10:56]} 35. a6 {[%clk 0:14:41]} Ra3+
{[%clk 0:10:56]} 36. Ke2 {[%clk 0:14:58]} Ra2+ {[%clk 0:11:14]} 37. Kd1
{[%clk 0:10:07]} Rg2 {[%clk 0:11:09]} 38. Ke1 {[%clk 0:09:38]} Rxg3
{[%clk 0:10:35]} 39. Kf2 {[%clk 0:09:48]} Rxh3 {[%clk 0:10:53]} 40. Kg2
{[%clk 0:40:11]} Rh4 {[%clk 0:34:13]} 41. Rf7 {[%clk 0:40:08]} Kg6
{[%clk 0:33:12]} 42. Rf8 {[%clk 0:39:34]} Kg7 {[%clk 0:33:29]} 43. Rf5
{[%clk 0:39:45]} g4 {[%clk 0:33:38]} 44. a7 {[%clk 0:40:08]} gxf3+
{[%clk 0:34:04]} 45. Rxf3 {[%clk 0:40:34]} 1-0

[Event "MP do 16 lat - chlopcy"]
[Site "Sypniewo"]
[Date "2022.03.23"]
[Round "5.6"]
[White "Rog, Bartlomiej"]
[Black "Czernecki, Andrzej"]
[Result "0-1"]
[BlackElo "1848"]
[WhiteElo "2143"]
[LiveChessVersion "1.4.8"]

1. Nf3 {[%clk 1:30:55]} Nf6 {[%clk 1:30:47]} 2. g3 {[%clk 1:31:16]} d5
{[%clk 1:31:06]} 3. Bg2 {[%clk 1:31:37]} Bf5 {[%clk 1:31:07]} 4. O-O
{[%clk 1:31:48]} e6 {[%clk 1:31:18]} 5. c4 {[%clk 1:31:15]} c6 {[%clk 1:30:42]}
6. b3 {[%clk 1:30:06]} Be7 {[%clk 1:29:26]} 7. Bb2 {[%clk 1:29:57]} O-O
{[%clk 1:28:28]} 8. d3 {[%clk 1:27:44]} h6 {[%clk 1:28:33]} 9. Nbd2
{[%clk 1:27:31]} Nbd7 {[%clk 1:21:12]} 10. Re1 {[%clk 1:20:51]} Bh7
{[%clk 1:21:22]} 11. Rc1 {[%clk 1:05:29]} Qc7 {[%clk 1:17:45]} 12. d4
{[%clk 1:03:37]} Rad8 {[%clk 1:13:05]} 13. e3 {[%clk 0:56:19]} Qb8
{[%clk 1:08:45]} 14. Qe2 {[%clk 0:53:16]} Ne4 {[%clk 1:04:41]} 15. Nxe4
{[%clk 0:52:30]} Bxe4 {[%clk 1:05:03]} 16. Nd2 {[%clk 0:50:07]} Bxg2
{[%clk 1:04:19]} 17. Kxg2 {[%clk 0:50:28]} Nf6 {[%clk 1:02:15]} 18. f3
{[%clk 0:45:14]} Bb4 {[%clk 0:55:18]} 19. Red1 {[%clk 0:39:11]} Qd6
{[%clk 0:48:12]} 20. e4 {[%clk 0:37:09]} Qe7 {[%clk 0:47:32]} 21. e5
{[%clk 0:34:07]} Nh7 {[%clk 0:46:47]} 22. Nf1 {[%clk 0:33:21]} dxc4
{[%clk 0:46:13]} 23. bxc4 {[%clk 0:33:32]} Ba3 {[%clk 0:44:36]} 24. Rd3
{[%clk 0:32:19]} Bxb2 {[%clk 0:41:39]} 25. Qxb2 {[%clk 0:32:42]} f6
{[%clk 0:39:40]} 26. exf6 {[%clk 0:31:18]} Qxf6 {[%clk 0:39:19]} 27. Nd2
{[%clk 0:27:12]} Ng5 {[%clk 0:36:13]} 28. h4 {[%clk 0:26:02]} Qf5
{[%clk 0:33:34]} 29. hxg5 {[%clk 0:22:56]} Qxd3 {[%clk 0:33:39]} 30. Qc3
{[%clk 0:23:11]} Rxd4 {[%clk 0:31:39]} 31. Qxd3 {[%clk 0:22:30]} Rxd3
{[%clk 0:32:04]} 32. Rc2 {[%clk 0:21:27]} hxg5 {[%clk 0:31:50]} 33. g4
{[%clk 0:21:39]} b5 {[%clk 0:29:51]} 34. cxb5 {[%clk 0:21:54]} cxb5
{[%clk 0:30:16]} 35. Kf2 {[%clk 0:22:20]} a5 {[%clk 0:28:43]} 36. Ke2
{[%clk 0:22:35]} Rd5 {[%clk 0:28:55]} 37. Rc6 {[%clk 0:22:20]} Re8
{[%clk 0:25:41]} 38. Ne4 {[%clk 0:22:37]} b4 {[%clk 0:25:34]} 39. Ke3
{[%clk 0:22:17]} Red8 {[%clk 0:25:28]} 40. Rc2 {[%clk 0:50:32]} a4
{[%clk 0:53:52]} 41. Rb2 {[%clk 0:50:23]} b3 {[%clk 0:52:38]} 42. axb3
{[%clk 0:50:40]} Rd3+ {[%clk 0:52:32]} 43. Ke2 {[%clk 0:51:03]} Rxb3
{[%clk 0:52:52]} 44. Rc2 {[%clk 0:47:40]} a3 {[%clk 0:53:01]} 45. Rc7
{[%clk 0:48:02]} Ra8 {[%clk 0:53:18]} 46. Nd2 {[%clk 0:46:16]} Rb2
{[%clk 0:53:28]} 0-1

[Event "MP do 16 lat - chlopcy"]
[Site "Sypniewo"]
[Date "2022.03.23"]
[Round "5.7"]
[White "Kolodziejski, Piotr"]
[Black "Melerowicz, Dominik"]
[Result "1-0"]
[BlackElo "1825"]
[WhiteElo "2115"]
[LiveChessVersion "1.4.8"]

1. e4 {[%clk 1:30:57]} c5 {[%clk 1:30:57]} 2. Nf3 {[%clk 1:31:21]} d6
{[%clk 1:31:23]} 3. d4 {[%clk 1:31:46]} cxd4 {[%clk 1:31:49]} 4. Nxd4
{[%clk 1:32:11]} Nf6 {[%clk 1:32:15]} 5. f3 {[%clk 1:32:35]} a6 {[%clk 1:32:39]}
6. c4 {[%clk 1:32:55]} e5 {[%clk 1:32:22]} 7. Nc2 {[%clk 1:31:18]} Be6
{[%clk 1:32:32]} 8. Nc3 {[%clk 1:30:09]} Nbd7 {[%clk 1:30:25]} 9. Bd3
{[%clk 1:25:28]} Be7 {[%clk 1:27:51]} 10. Qe2 {[%clk 1:23:49]} Qc7
{[%clk 1:26:46]} 11. Bd2 {[%clk 1:21:06]} Nc5 {[%clk 1:23:57]} 12. b3
{[%clk 1:19:12]} h6 {[%clk 1:21:17]} 13. Ne3 {[%clk 1:15:50]} O-O
{[%clk 1:18:43]} 14. O-O {[%clk 1:14:47]} Rac8 {[%clk 1:13:22]} 15. Rfc1
{[%clk 1:11:16]} Bd8 {[%clk 1:11:40]} 16. Be1 {[%clk 1:08:26]} Qc6
{[%clk 1:08:03]} 17. Qd1 {[%clk 0:59:31]} Bb6 {[%clk 1:06:06]} 18. Bf2
{[%clk 0:59:24]} Qd7 {[%clk 0:53:27]} 19. Bf1 {[%clk 0:56:33]} a5
{[%clk 0:37:59]} 20. Rab1 {[%clk 0:54:13]} Rc6 {[%clk 0:36:44]} 21. Nb5
{[%clk 0:49:24]} g6 {[%clk 0:27:46]} 22. a3 {[%clk 0:46:35]} a4 {[%clk 0:27:31]}
23. Nd5 {[%clk 0:45:35]} Bxd5 {[%clk 0:25:25]} 24. exd5 {[%clk 0:45:27]} Rcc8
{[%clk 0:25:09]} 25. b4 {[%clk 0:45:16]} Nb3 {[%clk 0:25:23]} 26. Bxb6
{[%clk 0:45:28]} Nxc1 {[%clk 0:25:46]} 27. Rxc1 {[%clk 0:45:37]} Rfe8
{[%clk 0:24:30]} 28. Nc3 {[%clk 0:42:26]} Qf5 {[%clk 0:23:22]} 29. Bd3
{[%clk 0:36:02]} Qg5 {[%clk 0:23:42]} 30. Bf2 {[%clk 0:30:49]} Nh5
{[%clk 0:23:28]} 31. Ne4 {[%clk 0:30:25]} Qd8 {[%clk 0:23:29]} 32. c5
{[%clk 0:29:40]} dxc5 {[%clk 0:22:52]} 33. Bb5 {[%clk 0:29:42]} Rf8
{[%clk 0:22:14]} 34. Bxc5 {[%clk 0:27:18]} Nf4 {[%clk 0:22:27]} 35. g3
{[%clk 0:25:00]} 1-0

[Event "MP do 16 lat - chlopcy"]
[Site "Sypniewo"]
[Date "2022.03.23"]
[Round "5.8"]
[White "Madajczak, Piotr"]
[Black "Backiel, Hubert"]
[Result "1/2-1/2"]
[BlackElo "2075"]
[WhiteElo "1902"]
[LiveChessVersion "1.4.8"]

1. c4 {[%clk 1:30:58]} b6 {[%clk 1:30:52]} 2. Nc3 {[%clk 1:30:44]} Bb7
{[%clk 1:31:16]} 3. e4 {[%clk 1:30:45]} e5 {[%clk 1:31:35]} 4. Nge2
{[%clk 1:20:22]} Nc6 {[%clk 1:31:56]} 5. g3 {[%clk 1:20:27]} Bc5 {[%clk 1:31:51]}
6. Bg2 {[%clk 1:20:35]} h5 {[%clk 1:31:05]} 7. h4 {[%clk 1:19:37]} Nf6
{[%clk 1:30:47]} 8. Na4 {[%clk 1:11:49]} d6 {[%clk 1:25:23]} 9. d3
{[%clk 1:01:37]} Ng4 {[%clk 1:17:50]} 10. O-O {[%clk 0:54:12]} Bxf2+
{[%clk 0:57:49]} 11. Rxf2 {[%clk 0:53:46]} Nxf2 {[%clk 0:58:13]} 12. Kxf2
{[%clk 0:54:02]} Qd7 {[%clk 0:57:42]} 13. Nac3 {[%clk 0:49:45]} O-O-O
{[%clk 0:57:25]} 14. Be3 {[%clk 0:44:40]} Kb8 {[%clk 0:54:54]} 15. Ke1
{[%clk 0:42:07]} Qg4 {[%clk 0:50:10]} 16. Kd2 {[%clk 0:41:22]} Nd4
{[%clk 0:47:26]} 17. Qh1 {[%clk 0:37:06]} c5 {[%clk 0:28:18]} 18. Rf1
{[%clk 0:33:05]} f6 {[%clk 0:27:38]} 19. Bh3 {[%clk 0:26:31]} Qg6
{[%clk 0:28:03]} 20. Qh2 {[%clk 0:26:20]} Rhf8 {[%clk 0:25:59]} 21. Qf2
{[%clk 0:23:42]} Qh7 {[%clk 0:20:58]} 22. Kc1 {[%clk 0:16:53]} g6
{[%clk 0:17:50]} 23. Qe1 {[%clk 0:10:32]} f5 {[%clk 0:15:07]} 24. Bg5
{[%clk 0:08:42]} Rd7 {[%clk 0:10:59]} 25. Nxd4 {[%clk 0:03:12]} cxd4
{[%clk 0:11:17]} 26. Nd5 {[%clk 0:02:43]} Bxd5 {[%clk 0:08:54]} 27. exd5
{[%clk 0:01:49]} Rc7 {[%clk 0:05:58]} 28. Kb1 {[%clk 0:01:40]} Rfc8
{[%clk 0:04:05]} 29. b3 {[%clk 0:01:26]} Ka8 {[%clk 0:02:49]} 30. Bg2
{[%clk 0:01:40]} Qd7 {[%clk 0:02:49]} 31. Qb4 {[%clk 0:01:50]} Rb7
{[%clk 0:02:44]} 32. a4 {[%clk 0:01:37]} 1/2-1/2

[Event "MP do 16 lat - chlopcy"]
[Site "Sypniewo"]
[Date "2022.03.23"]
[Round "5.9"]
[White "Janeczko, Jakub"]
[Black "Demski, Michal"]
[Result "1-0"]
[BlackElo "1678"]
[WhiteElo "2053"]
[LiveChessVersion "1.4.8"]

1. e4 {[%clk 1:29:07]} e6 {[%clk 1:30:55]} 2. d4 {[%clk 1:23:35]} d5
{[%clk 1:31:20]} 3. exd5 {[%clk 1:23:14]} exd5 {[%clk 1:31:44]} 4. Bd3
{[%clk 1:23:40]} Bd6 {[%clk 1:31:49]} 5. Ne2 {[%clk 1:22:58]} Ne7
{[%clk 1:30:45]} 6. O-O {[%clk 1:22:06]} O-O {[%clk 1:30:20]} 7. c3
{[%clk 1:19:58]} Bf5 {[%clk 1:13:23]} 8. Ng3 {[%clk 1:13:51]} Bxd3
{[%clk 1:06:12]} 9. Qxd3 {[%clk 1:14:15]} c6 {[%clk 0:58:37]} 10. Nd2
{[%clk 1:13:59]} Nd7 {[%clk 0:54:07]} 11. Nf3 {[%clk 1:11:47]} Bxg3
{[%clk 0:48:48]} 12. hxg3 {[%clk 1:08:59]} Ng6 {[%clk 0:46:00]} 13. Qf5
{[%clk 0:55:04]} Ne7 {[%clk 0:31:46]} 14. Qh3 {[%clk 0:47:57]} Ng6
{[%clk 0:29:15]} 15. Re1 {[%clk 0:42:16]} Nf6 {[%clk 0:28:14]} 16. Bg5
{[%clk 0:40:51]} h6 {[%clk 0:24:23]} 17. Bxf6 {[%clk 0:39:52]} Qxf6
{[%clk 0:24:46]} 18. Re3 {[%clk 0:37:55]} Rfe8 {[%clk 0:22:54]} 19. Rae1
{[%clk 0:38:04]} Rxe3 {[%clk 0:23:16]} 20. Rxe3 {[%clk 0:38:29]} Rd8
{[%clk 0:23:10]} 21. Ne1 {[%clk 0:34:58]} Qd6 {[%clk 0:19:10]} 22. Nd3
{[%clk 0:34:44]} b6 {[%clk 0:17:15]} 23. Qf5 {[%clk 0:29:06]} Qd7
{[%clk 0:12:22]} 24. Qxd7 {[%clk 0:28:15]} Rxd7 {[%clk 0:12:50]} 25. Re8+
{[%clk 0:28:36]} Kh7 {[%clk 0:12:38]} 26. Rc8 {[%clk 0:20:24]} Ne7
{[%clk 0:12:26]} 27. Rf8 {[%clk 0:20:26]} Ng6 {[%clk 0:12:37]} 28. Rc8
{[%clk 0:18:04]} Ne7 {[%clk 0:12:55]} 29. Re8 {[%clk 0:16:18]} Ng6
{[%clk 0:12:57]} 30. Kf1 {[%clk 0:15:43]} f6 {[%clk 0:10:12]} 31. a4
{[%clk 0:10:59]} Rb7 {[%clk 0:08:17]} 32. b3 {[%clk 0:10:01]} Rc7
{[%clk 0:05:26]} 33. Rd8 {[%clk 0:09:21]} Rb7 {[%clk 0:01:18]} 34. Ke2
{[%clk 0:06:52]} Ne7 {[%clk 0:01:09]} 35. Nf4 {[%clk 0:06:45]} g5
{[%clk 0:00:35]} 36. Nh5 {[%clk 0:03:53]} Kg6 {[%clk 0:00:41]} 37. g4
{[%clk 0:04:18]} f5 {[%clk 0:00:35]} 38. Rd6+ {[%clk 0:04:37]} Kh7
{[%clk 0:00:40]} 39. gxf5 {[%clk 0:04:47]} Nxf5 {[%clk 0:00:57]} 40. Rxc6
{[%clk 0:35:12]} Re7+ {[%clk 0:30:45]} 41. Kd2 {[%clk 0:35:12]} Nh4
{[%clk 0:27:10]} 42. Nf6+ {[%clk 0:31:42]} Kg7 {[%clk 0:27:33]} 43. Nxd5
{[%clk 0:31:42]} Rf7 {[%clk 0:27:56]} 44. g3 {[%clk 0:31:23]} Rxf2+
{[%clk 0:27:14]} 45. Ke1 {[%clk 0:31:49]} Rf5 {[%clk 0:27:41]} 46. Rc7+
{[%clk 0:31:17]} Kf8 {[%clk 0:27:39]} 47. gxh4 {[%clk 0:30:50]} Rxd5
{[%clk 0:27:49]} 48. hxg5 {[%clk 0:31:08]} Rxg5 {[%clk 0:28:16]} 49. Rxa7
{[%clk 0:29:44]} h5 {[%clk 0:28:31]} 50. Kf2 {[%clk 0:28:32]} Kg8
{[%clk 0:28:59]} 51. Ra6 {[%clk 0:25:15]} h4 {[%clk 0:28:59]} 52. Rxb6
{[%clk 0:25:35]} Kg7 {[%clk 0:29:03]} 53. Re6 {[%clk 0:25:51]} Rg3
{[%clk 0:29:32]} 54. Re3 {[%clk 0:25:26]} 1-0

[Event "MP do 16 lat - chlopcy"]
[Site "Sypniewo"]
[Date "2022.03.23"]
[Round "5.10"]
[White "Ciszewski, Krzysztof"]
[Black "Madej, Marek"]
[Result "1-0"]
[BlackElo "2017"]
[WhiteElo "1939"]
[LiveChessVersion "1.4.8"]

1. d4 {[%clk 1:30:57]} Nf6 {[%clk 1:30:54]} 2. c4 {[%clk 1:31:22]} g6
{[%clk 1:31:18]} 3. Nc3 {[%clk 1:31:46]} Bg7 {[%clk 1:31:42]} 4. e4
{[%clk 1:32:09]} d6 {[%clk 1:32:06]} 5. h3 {[%clk 1:32:22]} O-O {[%clk 1:32:10]}
6. Be3 {[%clk 1:32:47]} c5 {[%clk 1:32:11]} 7. d5 {[%clk 1:31:05]} e6
{[%clk 1:32:30]} 8. Bd3 {[%clk 1:30:52]} exd5 {[%clk 1:32:48]} 9. exd5
{[%clk 1:31:19]} Na6 {[%clk 1:32:59]} 10. Nf3 {[%clk 1:29:14]} Nb4
{[%clk 1:33:02]} 11. Be2 {[%clk 1:29:19]} Bf5 {[%clk 1:33:20]} 12. Rc1
{[%clk 1:29:41]} Re8 {[%clk 1:33:10]} 13. a3 {[%clk 1:17:54]} Na6
{[%clk 1:33:36]} 14. Bd3 {[%clk 1:17:15]} Ne4 {[%clk 1:31:59]} 15. Nxe4
{[%clk 1:15:48]} Bxe4 {[%clk 1:32:21]} 16. Bxe4 {[%clk 1:15:56]} Rxe4
{[%clk 1:32:50]} 17. Qc2 {[%clk 1:10:42]} Re7 {[%clk 1:30:37]} 18. O-O
{[%clk 1:10:47]} Qd7 {[%clk 1:21:36]} 19. Nd2 {[%clk 1:04:14]} Rb8
{[%clk 1:14:48]} 20. Bf4 {[%clk 0:51:31]} b5 {[%clk 1:02:14]} 21. cxb5
{[%clk 0:47:37]} Nc7 {[%clk 0:59:08]} 22. Ne4 {[%clk 0:38:54]} Nxb5
{[%clk 0:55:59]} 23. Nxc5 {[%clk 0:34:48]} Qe8 {[%clk 0:55:07]} 24. Nb3
{[%clk 0:16:54]} Re4 {[%clk 0:36:04]} 25. Be3 {[%clk 0:15:29]} f5
{[%clk 0:25:30]} 26. Nd2 {[%clk 0:13:39]} Rxe3 {[%clk 0:21:13]} 27. fxe3
{[%clk 0:14:08]} Qxe3+ {[%clk 0:21:42]} 28. Kh1 {[%clk 0:14:11]} Nd4
{[%clk 0:13:57]} 29. Qc3 {[%clk 0:09:53]} Qh6 {[%clk 0:11:45]} 30. Qd3
{[%clk 0:05:18]} f4 {[%clk 0:06:59]} 31. Nf3 {[%clk 0:03:27]} Nf5
{[%clk 0:06:44]} 32. Rfe1 {[%clk 0:03:34]} Rf8 {[%clk 0:06:25]} 33. b4
{[%clk 0:02:29]} g5 {[%clk 0:06:28]} 34. Kg1 {[%clk 0:01:51]} Qg6
{[%clk 0:06:29]} 35. Re6 {[%clk 0:01:43]} Qh5 {[%clk 0:06:27]} 36. Rc8
{[%clk 0:01:11]} Rxc8 {[%clk 0:02:04]} 37. Qxf5 {[%clk 0:01:40]} Rc1+
{[%clk 0:02:33]} 38. Kh2 {[%clk 0:01:27]} g4 {[%clk 0:01:05]} 39. Qxg4
{[%clk 0:01:11]} Qxd5 {[%clk 0:00:50]} 40. Re8+ {[%clk 0:31:01]} Kf7
{[%clk 0:31:15]} 41. Qd7+ {[%clk 0:30:49]} Kf6 {[%clk 0:31:44]} 42. Qe7+
{[%clk 0:29:38]} Kg6 {[%clk 0:32:12]} 43. Rd8 {[%clk 0:22:50]} Rd1
{[%clk 0:31:09]} 44. Rd7 {[%clk 0:22:02]} Qg8 {[%clk 0:28:36]} 45. Qg5#
{[%clk 0:22:25]} 1-0

[Event "MP do 16 lat - chlopcy"]
[Site "Sypniewo"]
[Date "2022.03.23"]
[Round "5.11"]
[White "Wydmanski, Szymon"]
[Black "Wnek, Filip"]
[Result "0-1"]
[BlackElo "2033"]
[WhiteElo "1756"]
[LiveChessVersion "1.4.8"]

1. e4 {[%clk 1:28:36]} c5 {[%clk 1:30:54]} 2. Nf3 {[%clk 1:29:00]} d6
{[%clk 1:31:11]} 3. d4 {[%clk 1:29:26]} cxd4 {[%clk 1:31:35]} 4. Nxd4
{[%clk 1:29:53]} Nf6 {[%clk 1:31:56]} 5. Nc3 {[%clk 1:30:18]} a6 {[%clk 1:32:22]}
6. f3 {[%clk 1:30:17]} e6 {[%clk 1:32:46]} 7. Be3 {[%clk 1:29:11]} b5
{[%clk 1:33:11]} 8. a3 {[%clk 1:29:22]} Bb7 {[%clk 1:33:34]} 9. Qd2
{[%clk 1:29:23]} Nbd7 {[%clk 1:33:58]} 10. O-O-O {[%clk 1:28:29]} Be7
{[%clk 1:34:17]} 11. g4 {[%clk 1:26:58]} Nb6 {[%clk 1:30:47]} 12. Qf2
{[%clk 1:16:59]} Nfd7 {[%clk 1:30:03]} 13. Kb1 {[%clk 1:15:44]} Rc8
{[%clk 1:29:23]} 14. Nb3 {[%clk 1:05:11]} Nc4 {[%clk 1:24:49]} 15. Bxc4
{[%clk 1:04:19]} Rxc4 {[%clk 1:24:46]} 16. g5 {[%clk 0:58:45]} b4
{[%clk 1:08:54]} 17. Nd2 {[%clk 0:45:54]} Rxc3 {[%clk 1:08:50]} 18. bxc3
{[%clk 0:46:16]} bxc3 {[%clk 1:09:13]} 19. Nb3 {[%clk 0:42:25]} a5
{[%clk 1:09:41]} 20. Ka2 {[%clk 0:40:23]} a4 {[%clk 1:09:32]} 21. Nd4
{[%clk 0:40:16]} d5 {[%clk 1:09:11]} 22. Rb1 {[%clk 0:34:12]} Qc8
{[%clk 1:09:07]} 23. Rxb7 {[%clk 0:31:21]} Qxb7 {[%clk 1:09:29]} 24. Rb1
{[%clk 0:31:45]} Qc7 {[%clk 1:07:47]} 25. Qe2 {[%clk 0:30:07]} dxe4
{[%clk 1:05:55]} 26. fxe4 {[%clk 0:26:12]} O-O {[%clk 0:52:15]} 27. Nb5
{[%clk 0:22:54]} Qc6 {[%clk 0:45:32]} 28. Qd3 {[%clk 0:20:14]} Ne5
{[%clk 0:43:07]} 29. Qxc3 {[%clk 0:19:53]} Qxe4 {[%clk 0:34:56]} 30. Bd4
{[%clk 0:12:36]} Qd5+ {[%clk 0:34:35]} 31. Ka1 {[%clk 0:12:59]} f6
{[%clk 0:32:58]} 32. Nc7 {[%clk 0:12:01]} Qd7 {[%clk 0:31:00]} 33. Bxe5
{[%clk 0:09:42]} fxe5 {[%clk 0:30:21]} 34. Qxe5 {[%clk 0:09:43]} Bxg5
{[%clk 0:30:28]} 35. Qxe6+ {[%clk 0:07:53]} Qxe6 {[%clk 0:30:53]} 36. Nxe6
{[%clk 0:08:18]} Bf6+ {[%clk 0:31:21]} 37. Ka2 {[%clk 0:08:40]} Rc8
{[%clk 0:31:43]} 38. Rb4 {[%clk 0:05:16]} Rxc2+ {[%clk 0:31:59]} 39. Kb1
{[%clk 0:05:44]} Rxh2 {[%clk 0:32:06]} 40. Rxa4 {[%clk 0:36:05]} h5
{[%clk 1:02:14]} 41. Nc5 {[%clk 0:13:00]} h4 {[%clk 1:01:02]} 42. Ne4
{[%clk 0:12:52]} Be7 {[%clk 1:00:24]} 43. Ra7 {[%clk 0:11:16]} Kf8
{[%clk 1:00:16]} 44. Ra8+ {[%clk 0:09:53]} Kf7 {[%clk 1:00:03]} 45. Rh8
{[%clk 0:10:18]} g5 {[%clk 0:59:56]} 46. Rh7+ {[%clk 0:09:15]} Ke6
{[%clk 1:00:02]} 47. Rg7 {[%clk 0:05:58]} h3 {[%clk 0:59:41]} 48. Nxg5+
{[%clk 0:05:43]} Bxg5 {[%clk 1:00:10]} 49. Rxg5 {[%clk 0:06:03]} Rg2
{[%clk 1:00:36]} 50. Rh5 {[%clk 0:06:21]} h2 {[%clk 1:00:57]} 0-1